Ako sa nestratiť na internete
Hotely a dôležitosť aktívnej komunikácie cez sociálne médiá a internet. Blog ako dvere ku klientovi. Dobrý príbeh ako pilier správnej komunikácie. Ako funguje lifestyle blog v praxi. Využitie sociálnej siete Facebook, Foursquare a Pinterest.
Enregistré dans:
| Auteur principal: | |
|---|---|
| Format: | Chapitre de livre |
| Langue: | slovaque |
| Sujets: | |
| Tags: |
Pas de tags, Soyez le premier à ajouter un tag!
|
MARC
| LEADER | 00000naa a2200000 4500 | ||
|---|---|---|---|
| 001 | 0158367 | ||
| 005 | 20231011125719.0 | ||
| 041 | 0 | |a slo | |
| 044 | |a SK | ||
| 245 | 1 | 0 | |a Ako sa nestratiť na internete |c Lenka Tinková |
| 520 | |a Hotely a dôležitosť aktívnej komunikácie cez sociálne médiá a internet. Blog ako dvere ku klientovi. Dobrý príbeh ako pilier správnej komunikácie. Ako funguje lifestyle blog v praxi. Využitie sociálnej siete Facebook, Foursquare a Pinterest. | ||
| 610 | 2 | 0 | |a internet |
| 610 | 2 | 0 | |a stránky webové |
| 610 | 2 | 0 | |a siete sociálne |
| 610 | 2 | 0 | |a hotely |
| 610 | 2 | 0 | |a hotelierstvo |
| 610 | 2 | 0 | |a propagácia |
| 610 | 2 | 0 | |a komunikácia |
| 610 | 2 | 0 | |a zákazníci |
| 610 | 2 | 0 | |a marketing |
| 100 | 1 | |a Tinková, Lenka | |